Stanford's library map of London and its suburbs (Record no. 114613)

MARC details
000 -LEADER
fixed length control field 00844cem a22001935a 4500
001 - CONTROL NUMBER
control field L157123
008 - FIXED-LENGTH DATA ELEMENTS--GENERAL INFORMATION
fixed length control field 120904s1862 xxk f 000 0 eng d
035 ## - SYSTEM CONTROL NUMBER
System control number (Sirsi) u157123
041 0# - LANGUAGE CODE
Language code of text/sound track or separate title eng
245 00 - TITLE STATEMENT
Title Stanford's library map of London and its suburbs
260 ## - PUBLICATION, DISTRIBUTION, ETC.
Place of publication, distribution, etc. London
Name of publisher, distributor, etc. Stanford
Date of publication, distribution, etc. [1862?]
300 ## - PHYSICAL DESCRIPTION
Extent 1 map
Other physical details col., dissected and mounted on to linen in 4 pieces
Dimensions 196 x 172 cm, folded to 24 x 17 cm, in slip case 25 cm.
520 ## - SUMMARY, ETC.
Summary, etc. The map is divided into four sections: North East; North West; South East; South West. The section relating to the North West is missing.
583 ## - ACTION NOTE
Action Condition reviewed
Time/date of action 20120620
Status condition level 4
651 #4 - SUBJECT ADDED ENTRY--GEOGRAPHIC NAME
Geographic name London
690 ## - LOCAL SUBJECT ADDED ENTRY--TOPICAL TERM (OCLC, RLIN)
Topical term or geographic name as entry element Geomatics
9 (RLIN) 6242
856 ## - ELECTRONIC LOCATION AND ACCESS
Uniform Resource Identifier <a href="https://www.easyzoom.com/imageaccess/05aaf435cf0a463e9e1b38c2bc0e956d">https://www.easyzoom.com/imageaccess/05aaf435cf0a463e9e1b38c2bc0e956d</a>
Public note Scan of this item available on easyzoom
942 ## - ADDED ENTRY ELEMENTS (KOHA)
Suppress in OPAC 0
Source of classification or shelving scheme Dewey Decimal Classification
Holdings
Withdrawn status Lost status Source of classification or shelving scheme Damaged status Not for loan Home library Current library Shelving location Date acquired Total Checkouts Full call number Barcode Date last seen Copy number Price effective from Koha item type
    Dewey Decimal Classification     Historic collection Historic collection Historic collection 04/09/2012   MAP 1862 STANFORDS 30077052 06/08/2019 1 06/08/2019 Book
    Dewey Decimal Classification     Virtual Virtual Online 13/09/2023   ONLINE SCAN   13/09/2023   13/09/2023 Online material